| 000 | 00768cab a2200253 4500 | ||
|---|---|---|---|
| 001 | WB3215-35 | ||
| 008 | 090401t1996 xxu||||| |||| 00| 0 eng d | ||
| 035 | _a(Sirsi) u69778 | ||
| 041 | _aeng | ||
| 245 | _aLandfill gas power | ||
| 260 | _c1996 | ||
| 350 | _a0 | ||
| 490 |
_aFinancial Times _v10 April 1996, 20(1) |
||
| 520 | _aLandfill gas power generation is one of the largest sources of renewable energy, and its role is likely to increase as the government extends its NFFO subsidy programme. | ||
| 650 | _aLANDFILL GAS POWER | ||
| 650 | _aNFFO | ||
| 650 | _aRECYCLING | ||
| 650 | _aRENEWABLE ENERGY | ||
| 650 | _aSUBSIDY | ||
| 650 | _aWASTE DISPOSAL | ||
| 690 | _aENVIRONMENTAL AND LAND CONSULTANCY-ENERGY | ||
| 942 | _n0 | ||
| 948 | _c04/03/1997 | ||
| 999 |
_c43865 _d43865 |
||